00225nam a2200097 4500020001500000082002200015100001400037245002200051260004600073300000800119 a0719539617 a547.7 COWb007617 aCowd,M.A. aPolymer Chemistry aLondonbJohn Murray Publishers Ltd.c1982 a100